<?xml version="1.0" encoding="UTF-8"?>
<record
    xmlns:xsi="http://www.w3.org/2001/XMLSchema-instance"
    xsi:schemaLocation="http://www.loc.gov/MARC21/slim http://www.loc.gov/standards/marcxml/schema/MARC21slim.xsd"
    xmlns="http://www.loc.gov/MARC21/slim">

  <leader>00896nam a22002777a 4500</leader>
  <controlfield tag="003">3228</controlfield>
  <controlfield tag="005">20251106110019.0</controlfield>
  <controlfield tag="008">251106b        sa ||||| |||| 00| 0 eng d</controlfield>
  <datafield tag="020" ind1=" " ind2=" ">
    <subfield code="a">9781782091745</subfield>
    <subfield code="q">pbk</subfield>
  </datafield>
  <datafield tag="040" ind1=" " ind2=" ">
    <subfield code="a">RDA</subfield>
    <subfield code="c">3228</subfield>
  </datafield>
  <datafield tag="082" ind1=" " ind2=" ">
    <subfield code="a">J 591.392 JOHN</subfield>
  </datafield>
  <datafield tag="100" ind1=" " ind2=" ">
    <subfield code="a">Johnson, Jinny</subfield>
  </datafield>
  <datafield tag="245" ind1=" " ind2="0">
    <subfield code="a">Baby Animals/</subfield>
    <subfield code="c">author, Jinny Johnson </subfield>
  </datafield>
  <datafield tag="260" ind1=" " ind2=" ">
    <subfield code="a">Bardfield End Green:</subfield>
    <subfield code="b">Miley Kelly publishing,</subfield>
    <subfield code="c">2013.</subfield>
  </datafield>
  <datafield tag="300" ind1=" " ind2=" ">
    <subfield code="a">24 pages:</subfield>
    <subfield code="c">22 cm.</subfield>
    <subfield code="b">colour illustrations;</subfield>
  </datafield>
  <datafield tag="490" ind1=" " ind2=" ">
    <subfield code="a">Miles Kelly Little Press. </subfield>
  </datafield>
  <datafield tag="490" ind1=" " ind2=" ">
    <subfield code="a">First Q&amp;A.</subfield>
  </datafield>
  <datafield tag="500" ind1=" " ind2=" ">
    <subfield code="a">Title from cover.

Includes index.

Originally published: 2011.

Formerly CIP.</subfield>
  </datafield>
  <datafield tag="521" ind1=" " ind2=" ">
    <subfield code="a">5+.</subfield>
  </datafield>
  <datafield tag="650" ind1=" " ind2="0">
    <subfield code="9">131717</subfield>
    <subfield code="a">Animals</subfield>
  </datafield>
  <datafield tag="700" ind1=" " ind2=" ">
    <subfield code="9">188196</subfield>
    <subfield code="a">Philip, Claire</subfield>
    <subfield code="e">editor</subfield>
  </datafield>
  <datafield tag="700" ind1=" " ind2=" ">
    <subfield code="9">49595</subfield>
    <subfield code="a">Gallagher, Belinda</subfield>
    <subfield code="e">publishing director</subfield>
  </datafield>
  <datafield tag="942" ind1=" " ind2=" ">
    <subfield code="w">561</subfield>
    <subfield code="x">John Tresidder</subfield>
    <subfield code="y">923</subfield>
    <subfield code="z">Itumeleng Itswene</subfield>
  </datafield>
  <datafield tag="942" ind1=" " ind2=" ">
    <subfield code="2">ddc</subfield>
  </datafield>
  <datafield tag="942" ind1=" " ind2=" ">
    <subfield code="c">BK</subfield>
    <subfield code="2">ddc</subfield>
  </datafield>
  <datafield tag="999" ind1=" " ind2=" ">
    <subfield code="c">744922</subfield>
    <subfield code="d">744921</subfield>
  </datafield>
  <datafield tag="952" ind1=" " ind2=" ">
    <subfield code="0">0</subfield>
    <subfield code="1">0</subfield>
    <subfield code="4">0</subfield>
    <subfield code="7">0</subfield>
    <subfield code="a">LEBOL</subfield>
    <subfield code="b">LEBOL</subfield>
    <subfield code="d">2023-02-13</subfield>
    <subfield code="l">0</subfield>
    <subfield code="o">J 591. 392 JOHN</subfield>
    <subfield code="p">31425</subfield>
    <subfield code="r">2023-02-13</subfield>
    <subfield code="w">2023-02-13</subfield>
    <subfield code="y">BK</subfield>
  </datafield>
  <datafield tag="952" ind1=" " ind2=" ">
    <subfield code="0">0</subfield>
    <subfield code="1">0</subfield>
    <subfield code="2">ddc</subfield>
    <subfield code="4">0</subfield>
    <subfield code="7">0</subfield>
    <subfield code="a">LYDEL</subfield>
    <subfield code="b">MKHUL</subfield>
    <subfield code="d">2024-09-05</subfield>
    <subfield code="l">0</subfield>
    <subfield code="o">J 591.392 JOHN</subfield>
    <subfield code="p">33228031106494</subfield>
    <subfield code="r">2024-09-05</subfield>
    <subfield code="w">2024-09-05</subfield>
    <subfield code="y">BK</subfield>
  </datafield>
  <datafield tag="952" ind1=" " ind2=" ">
    <subfield code="0">0</subfield>
    <subfield code="1">0</subfield>
    <subfield code="2">ddc</subfield>
    <subfield code="4">0</subfield>
    <subfield code="7">0</subfield>
    <subfield code="8">500</subfield>
    <subfield code="a">MBOMRL</subfield>
    <subfield code="b">KAMHL</subfield>
    <subfield code="c">CHILD</subfield>
    <subfield code="d">2025-08-15</subfield>
    <subfield code="g">112.00</subfield>
    <subfield code="l">0</subfield>
    <subfield code="o">J 591.392 JOHN</subfield>
    <subfield code="p">33228031162278</subfield>
    <subfield code="r">2025-08-15</subfield>
    <subfield code="w">2025-08-15</subfield>
    <subfield code="y">BK</subfield>
  </datafield>
  <datafield tag="952" ind1=" " ind2=" ">
    <subfield code="0">0</subfield>
    <subfield code="1">0</subfield>
    <subfield code="2">ddc</subfield>
    <subfield code="4">0</subfield>
    <subfield code="7">0</subfield>
    <subfield code="8">500</subfield>
    <subfield code="a">MBOMRL</subfield>
    <subfield code="b">KAMAL</subfield>
    <subfield code="c">CHILD</subfield>
    <subfield code="d">2025-10-01</subfield>
    <subfield code="g">112.00</subfield>
    <subfield code="l">0</subfield>
    <subfield code="o">J 591.392 JOHN</subfield>
    <subfield code="p">33228031162261</subfield>
    <subfield code="r">2025-10-01</subfield>
    <subfield code="w">2025-10-01</subfield>
    <subfield code="y">BK</subfield>
  </datafield>
  <datafield tag="952" ind1=" " ind2=" ">
    <subfield code="0">0</subfield>
    <subfield code="1">0</subfield>
    <subfield code="2">ddc</subfield>
    <subfield code="4">0</subfield>
    <subfield code="7">0</subfield>
    <subfield code="8">500</subfield>
    <subfield code="a">MBOMRL</subfield>
    <subfield code="b">MATSL</subfield>
    <subfield code="c">Non_Fiction</subfield>
    <subfield code="d">2025-11-06</subfield>
    <subfield code="g">86.64</subfield>
    <subfield code="l">0</subfield>
    <subfield code="o">J 591.392 JOHN</subfield>
    <subfield code="p">33228031162444</subfield>
    <subfield code="r">2025-11-06</subfield>
    <subfield code="w">2025-11-06</subfield>
    <subfield code="y">BK</subfield>
  </datafield>
</record>
